Pla general de reestructuració de l'Escola Industrial de Barcelona
Descripción Física:
344 p. ; 30 cm
MARC
| LEADER | 00000nam a2200000Ia 4500 | ||
|---|---|---|---|
| 001 | 11066 | ||
| 008 | 160829s1978 xx 000 0 cat d | ||
| 080 | |a E-1-23 | ||
| 100 | |a Escola Industrial de Barcelona | ||
| 245 | |a Pla general de reestructuració de l'Escola Industrial de Barcelona | ||
| 260 | |a Barcelona : |b [s.n.], |c 1978 | ||
| 300 | |a 344 p. ; |c 30 cm | ||
| 650 | |a Escola Industrial de Barcelona |x Conservació i restauració |9 23233 | ||
| 901 | |a Arxiu | ||
| 942 | |n 1 | ||
| 952 | |0 0 |1 0 |4 0 |6 E123 |7 1 |9 42627 |a Arxiu |b Arxiu |d 2016-12-01 |l 0 |o E-1-23 |p 11066 |r 2016-12-01 00:00:00 |w 2016-12-01 |y ARXIU | ||
| 999 | |c 45133 |d 45133 | ||